000
00261nam a2200097Ia 4500
001
904364
005
20250826184930.0
008
250824s9999 xx 000 0 und d
245
0
_a
DİVAN-I KEBİR
_c
ABDÜLBAKİ GÖLPINARLI
260
_b
KÜLTÜR BAKANLIĞI YAYINLARI
999
_c
904364
_d
904364